000 00758nam a22002297a 4500
005 20160309123114.0
008 160309b fr||||| |||| 00| 0 fre d
020 _a2070321959
050 0 4 _aPQ4835.A48
_bP62 1973
100 1 _aPasolini, Pier Paolo,
_d1922-1975
245 1 0 _aPoésies, 1953-1964 /
_cPier Paolo Pasolini ; Edition bilingue, traductión et présentation de José Guide
250 _a1a ed.
260 _a[Paris] :
_bGallimard,
_c1973
300 _a314 p. ;
_c18 cm.
440 _aCollection Poésie
500 _aTraducción de : Choix tire des recueils
500 _aEdición en frances
504 _aIncluye referencias bibliográficas e índice
650 4 _aPoesia francesa
700 1 _aGuide, José,
_qtr.
942 _2lcc
_cLIB
999 _c114392
_d114392